00781nam a2200181 a 450000100100000000500170001000800410002704000250006808200240009311001020011724500830021926000700030230000170037265000400038965000470042965000550047665100680053100002137720200930011318.0100907s1990 dr r 000 0 spa d aDO-SdBNPbspacBNPHU a352.48bR426p, 1990 aRepública DominicanabSecretariado Técnico de la PresidenciabOficina Nacional de Presupuesto10aPresupuesto de ingresos y ley de gastos públicos del Gobierno Central 1990 . aSanto Domingo :bSecretariado Técnico de la Presidencia,c1990. av. ;c28 cm. 4aPresupuestozRepública Dominicana 4aHacienda públicazRepública Dominicana 4aPresupuestoxLegislaciónzRepública Dominicana 4aRepública DominicanaxGastos Presupuestarios Públicosy1990